Т. 311, № 2 : Математика и механика. Физика; Известия Томского политехнического университета [Известия ТПУ]

Dettagli Bibliografici
Parent link:Известия Томского политехнического университета [Известия ТПУ]/ Томский политехнический университет (ТПУ). Т. 311, № 2 : Математика и механика. Физика.— , 2000-
Lingua:russo
Pubblicazione: 2007
Soggetti:
Natura: MixedMaterials Libro
KOHA link:https://koha.lib.tpu.ru/cgi-bin/koha/opac-detail.pl?biblionumber=172408

MARC

LEADER 00000nam2a2200000 4500
001 172408
005 20231208102508.0
035 |a (RuTPU)RU\TPU\book\186973 
035 |a RU\TPU\book\140185 
090 |a 172408 
100 |a 20091213d2007 km y0rusy50 ca 
101 0 |a rus 
102 |a RU 
105 |a a z 001zb 
200 0 |a Т. 311, № 2 : Математика и механика. Физика 
210 |d 2007 
215 |a 170 с.  |c ил. 
320 |a Библиография в конце статей 
453 1 |0 (RuTPU)RU\TPU\book\197892  |x 1684-8519  |t Vol. 311, № 2  |d 2007  |p 153 p. 
461 1 |0 (RuTPU)RU\TPU\book\176237  |t Известия Томского политехнического университета [Известия ТПУ]  |f Томский политехнический университет (ТПУ)  |v Т. 311, № 2 : Математика и механика. Физика  |d 2000- 
600 1 |a Евстигнеев  |b В. В.  |c российский ученый, физик  |c профессор, зав. кафедрой ядерно-энергетических установок Томского политехнического института  |f 1937-2008  |g Владимир Васильевич  |c Заслуженный деятель науки РФ  |y Томск  |c ректор Алтайского государственного технического университета им. И. И. Ползунова  |2 stltpush  |3 (RuTPU)RU\TPU\pers\19783 
601 0 2 |a Томский политехнический университет (ТПУ)  |c (1991- )  |2 stltpush  |3 (RuTPU)RU\TPU\col\376 
606 1 |a Математика  |2 stltpush  |3 (RuTPU)RU\TPU\subj\67327  |9 83171 
606 1 |a Механика  |2 stltpush  |3 (RuTPU)RU\TPU\subj\67812  |9 83462 
606 1 |a Физика  |2 stltpush  |3 (RuTPU)RU\TPU\subj\63709  |9 80688 
606 1 |a Высшие технические учебные заведения  |2 stltpush  |3 (RuTPU)RU\TPU\subj\3996  |9 32316 
610 1 |a технические университеты 
610 1 |a Сибирь 
610 1 |a Томск 
610 1 |a волновые передачи 
610 1 |a сильноточные пучки 
610 1 |a электронные пучки 
610 1 |a излучения 
610 1 |a самораспространяющийся высокомолекулярный синтез 
610 1 |a пирометрия 
610 1 |a труды учёных ТПУ 
610 1 |a Коллекция История ТПУ 
675 |a 51  |v 3 
675 |a 53  |v 3 
675 |a 531  |v 3 
686 |a Ч484(2)72  |2 rubbk 
801 1 |a RU  |b 63413507  |c 20080124  |g PSBO 
801 2 |a RU  |b 63413507  |c 20221208  |g PSBO 
942 |c CR